| 000 | 00533nam a2200181 a 4500 | ||
|---|---|---|---|
| 005 | 20140310183139.0 | ||
| 008 | 020820s19uu xx 00 eng d | ||
| 020 | _a0471345881 | ||
| 050 |
_aHF 5657.4 _b.W49 1999 |
||
| 100 | _aWeygandt, Donald E. | ||
| 245 |
_aManagerial accounting : _btools for business decision making / _cDonald E. Weygandt. |
||
| 260 |
_aHoboken, NJ : _bWiley, _c1999. |
||
| 300 |
_a543 p. : _bill. ; _c24 cm. |
||
| 521 | _aBSBA | ||
| 650 | _aManagerial accounting | ||
| 942 |
_cBK _2lcc _kFOR |
||
| 999 |
_c19361 _d19361 |
||